Pokemon starting with the letter N - Statistics

General Stats
  • This quiz has been taken 21 times
  • The average score is 17 of 23
Answer Stats
Gen Answer % Correct
1 Nidoking
100%
1 Nidoqueen
100%
1 Nidorina
100%
1 Nidorino
100%
1 Nidoran f
89%
1 Nidoran m
89%
3 Nincada
78%
3 Ninjask
78%
2 Natu
72%
7 Necrozma
72%
1 Ninetales
72%
2 Noctowl
72%
6 Noibat
72%
6 Noivern
72%
3 Numel
72%
9 Nacli
67%
9 Naclstack
67%
7 Naganadel
67%
3 Nosepass
67%
3 Nuzleaf
67%
7 Nihilego
61%
9 Nymble
56%
8 Nickit
39%
No matching quizzes found
Score Distribution
Percent of People with Each Score
Percentile by Number Answered
Your Score History
You have not taken this quiz